000 01922cam a2200553 i 4500
001 56027
003 KOSZ 005
005 20250624103125.0
008 250624s2006 pl a f f 001 0 pol
015 _aUWD 2006/11715
020 _a8301146486
020 _a9788301146481
035 _a991030706119705066
035 _a(PL-WaBN)b18271911-48omnis_nlop
035 _ab18271911
035 _a(OCoLC)749696986
035 _azz2006848039
035 _a(PL)b0000001827191
035 _a(EXLNZ-48OMNIS_NETWORK)9910165337705606
040 _aWA N
_cWA N
_dKOSZ 005/HR
_dKOSZ 005/RW
046 _k2006
080 _a338.27
080 _a330.43
080 _a519.876.5
080 _a(075.8)
100 1 _aBłaszczuk, Dariusz
_d(1950-2017)
_eAutor
245 1 0 _aWstęp do prognozowania i symulacji /
_cDariusz Błaszczuk.
250 _aWydanie 2 zmienione i rozszerzone.
260 _aWarszawa :
_bWydawnictwo Naukowe PWN,
_c2006.
300 _a201, [1] stron :
_bilustracje ;
_c24 cm.
336 _aTekst
_btxt
_2rdacontent
337 _aBez urządzenia pośredniczącego
_bn
_2rdamedia
338 _aWolumin
_bnc
_2rdacarrier
380 _aKsiążki
380 _aPublikacje dydaktyczne
385 _mPoziom nauczania
_aSzkoły wyższe
388 1 _a2001-
504 _aBibliografia na stronach [195]-199. Indeks.
521 8 _aPodręcznik adresowany jest do studentów szkół wyższych o profilu ekonomicznym, a także do praktyków życia gospodarczego.
650 7 _aEkonometria
_2DBN
650 7 _aPrognozy gospodarcze
650 7 _aSymulacja
_2DBN
655 7 _aPodręczniki akademickie
_2DBN
658 _aGospodarka, ekonomia, finanse
710 2 _aWydawnictwo Naukowe PWN
_4pbl
856 _uhttp://koha.tu.koszalin.pl/cgi-bin/koha/opac-detail.pl?biblionumber=56027
_yKatalog online BPK
942 _2UKD
_cKS
999 _c56027
_d56027